[Event "VAM Hoogeveen 3rd"]
[Site "Hoogeveen"]
[Date "1999.10.17"]
[Round "1"]
[White "Timman, Jan H"]
[Black "Polgar, Judit"]
[Result "1-0"]
[WhiteElo "2650"]
[BlackElo "2671"]
[Annotator "Ribli,Z"]
[PlyCount "101"]
[EventDate "1999.10.15"]
[EventType "tourn"]
[EventRounds "6"]
[EventCountry "NED"]
[EventCategory "15"]
[SourceTitle "CBM 074"]
[Source "ChessBase"]
[SourceDate "2000.02.01"]
[SourceVersion "1"]
[SourceVersionDate "2000.02.01"]
[SourceQuality "1"]

{[%mdl 576]} 1. Nf3 {Ftacnik} c5 2. c4 Nf6 3. Nc3 Nc6 4. d4 {Nach meiner
persöhnlichen Meinung ist dieser Zug chancenreicher für Weiss als die
Alternativen 4.e3 und 4.g3.} cxd4 5. Nxd4 e6 6. a3 {Dieser Zug war von
Speelman in 1988 in Turnierpraxis eingeführt worden. Mit dieser Fortsetzung
verhindert Weiss den Zug Bb4.} Qc7 {Dieser Zug ist ein seltener Gast in der
Turnierpraxis. Die Alternativen scheinen mir besser zur Erlangung von
Ausgleich geeignet zu sein.} (6... Be7 $5 7. e4 (7. e3 d5 (7... O-O 8. Be2 d5
9. cxd5 Nxd4 10. Qxd4 Nxd5 11. Nxd5 exd5 12. O-O Bf6 13. Qd3 Be6 14. Bd2 Bxb2
15. Rab1 Qf6 16. Qb3 Be5 17. Qxb7 Bf5 {1/2-1/2 Barlov,D-Matamoros Franco,C/
Cala Galdana ESP 1999 (22)}) 8. cxd5 exd5 9. Bb5 Bd7 10. Nf3 a6 11. Be2 Bg4 12.
h3 Bh5 13. Nh4 Bxe2 14. Nxe2 Ne4 15. Nf3 Bf6 16. O-O O-O 17. Rb1 Qd6 $11 {
Kortchnoi,V-Sax,G/Wijk aan Zee (m/9) 1991 (17)}) 7... O-O 8. Be2 (8. Nf3 d6 9.
Be2 b6 10. Bf4 Bb7 11. Qd3 Qb8 12. Rd1 Ne5 13. Qb1 Ng6 14. Bg3 Nh5 15. Qc1 Nxg3
16. hxg3 Bf6 {Kortschnoj,V-Akesson,R/Antwerp op 1995/1/2-1/2 (51)}) 8... d5 9.
exd5 exd5 10. O-O Nxd4 11. Qxd4 Be6 12. cxd5 Nxd5 13. Nxd5 Qxd5 (13... Bxd5 {
1/2-1/2 Kortschnoj,V-Kasparov,G/Horgen CS 1994}) 14. Be3 Bf6 15. Qxd5 Bxd5 {
1/2-1/2 Panno,O-Kasparov,G/Buenos Aires 1997/EXT 98 (15)}) (6... Nxd4 7. Qxd4
b6 $11 {[%cal Gf8c5,Gc5d4]}) 7. Ndb5 (7. e3 a6 8. Be2 b6 9. O-O Bb7 10. b3 (10.
Nxc6 Bxc6 11. b3 Be7 12. Bb2 O-O 13. Bf3 b5 14. cxb5 axb5 15. Qe2 d5 {1/2-1/2
Averbakh,Y-Mikenas,V/Moscow 1955/URS-ch (24)}) 10... Be7 11. Bb2 O-O 12. Rc1
Rac8 13. Nf3 Qb8 14. h3 Rfd8 15. b4 d6 16. Qb3 Nd7 {1/2-1/2 Xu Jun-Wojtkiewicz,
A/Manila 1992/TD (31)}) (7. Bg5 a6 (7... Nxd4 8. Qxd4 Bc5 9. Qd2 (9. Qf4 Qxf4
10. Bxf4 O-O 11. Nb5 e5 12. Bxe5 Bxf2+ 13. Kxf2 Ng4+ 14. Kg3 Nxe5 {1/2-1/2
Hauchard,A-Berend,F/Brussels 1993/CBM 34 ext (47)}) 9... a5 {[%csl Gc5]} 10. e3
b6 11. Be2 Bb7 $11 {1/2-1/2 Hauchard,A-Chomet,P/Meribel 1998/CBM 67/[Ribli] 
(95)}) 8. Bxf6 (8. e3 Be7 9. Rc1 O-O 10. Be2 b6 11. Bf4 Ne5 12. O-O Bb7 13. Bg3
{1-0 Wojtkiewicz,A-Przewoznik,J/POL-ch 1992/CBM 29 ext (81)}) 8... gxf6 9. e3
f5 10. Be2 Bg7 11. O-O f4 12. Nxc6 bxc6 13. exf4 Qxf4 14. c5 Rb8 {1/2-1/2
Chuchelov,V-Baklan,V/Vlissingen NED 1999 (34)}) (7. e4 $6 Nxe4 $1 (7... Nxd4 8.
Qxd4 Bc5 $11) 8. Nxe6 (8. Nxe4 Qe5 $17 {[%csl Rd4,Re4]}) 8... dxe6 9. Nxe4 Be7
$15) 7... Qb8 8. g3 {Nach diesem Zug droht Weiss 9.Bf4 zu spielen. (Es ist
anzumerken, dass es ähnliche Motive in der Sizilianischen Verteidigung gibt: z.
B. nach 1.e4 c5 2.Nf3 e6 3.d4 cxd4 4.Nxd4 Nc6 5.Nc3 Qc7 6.g3, wonach 6...Nf6
nicht so gut wäre wegen 7.Bf4 und 8.Ndb5, so dass Schwarz mit 6...a6
fortsetzen muss).} a6 9. Nd4 (9. Bf4 $2 e5 {[%csl Rb5,Rf4][%cal Ra6b5,Re5f4]}
10. Bg5 axb5 11. cxb5 Nd4 $17 {Weiss kann dann mit Bxf6 und Bg2 fortsetzen,
aber seine Kompensation ist auf jeden Fall nicht ausreichend.}) 9... Nxd4 {
Schwarz möchte seine Stellung mit diesem Springertausch befreien.} (9... Qc7
10. Bg2 Be7 11. O-O Ne5 12. Bf4 d6 13. Rc1 O-O 14. Na4 Ng6 15. Be3 Ng4 16. Bd2
Bf6 17. e3 N4e5 18. c5 $1 $14 {1-0 Salov,V-Yudasin,L/Madrid 1992/CBM 30/[Ribli]
(59)}) (9... d6 10. Bg2 Bd7 11. O-O Be7 12. b3 O-O 13. Bb2 Rc8 14. e3 $14 {
1-0 Anic,D-Koch,J/Narbonne 1997/CBM 61/[Ribli] (45)}) 10. Qxd4 b5 (10... b6 $5
{Diese genügsame Fortsetzung mit der Idee Bc5 scheint mir logischer als der
Textzug.}) 11. e4 $146 {Weiss muss energisch spielen, nach 11.Bg2 hat Schwarz
keine Probleme.} (11. Bg2 Bb7 12. O-O Bxg2 13. Kxg2 Qb7+ 14. f3 bxc4 15. Qxc4
Be7 16. b4 d5 17. Qd3 O-O 18. Bb2 Nd7 19. Na4 Qb5 {0-1 Tunik,G-Dvoirys,S/
Moscow 1996/EXT 99 (48)}) 11... e5 (11... b4 12. e5 $5 (12. axb4 e5) 12... bxc3
13. exf6 cxb2 14. Bxb2 $14) (11... bxc4 {Ftacnik} 12. e5 Nd5 13. Nxd5 exd5 14.
Bg2 Bb7 15. O-O Qa7 16. Qxa7 Rxa7 17. Rd1 $11) 12. Qe3 Qc7 $5 {Schwarz spielt
scharf und opfert einen Bauern.} (12... b4 13. Nd5 Nxd5 14. cxd5 $14) (12...
bxc4 {Ftacnik} 13. Bxc4 Bb7 14. Qd3 $14) 13. cxb5 Bc5 (13... axb5 {Ftacnik} 14.
Bxb5 Bb7 15. O-O $16) 14. Qf3 (14. Qd3 Ng4 {[%csl Rf2]} (14... Qb6 {[%cal
Rb6f2]})) 14... Bd4 {[%csl Gd4] Das ist schwarze Hauptidee. Der Bauer auf e4
ist schwach in dieser Stellung.} 15. Bg5 {'!' Ftacnik. Ftacnik: 'The opening
becomes exceptionally tactical, both sides are playing with great phantasy.'
Weiss muss so spielen; es entsteht sehr scharfes Spiel.} (15. bxa6 {Ftacnik}
Bxc3+ 16. bxc3 Qc6 17. Bg2 Bxa6 $14) 15... Bxc3+ 16. bxc3 Nxe4 $5 {Sonst kann
Weiss Bxf6 spielen, mit deutlichem Positionsvorteil.} (16... axb5 {Ftacnik} 17.
Bxf6 gxf6 18. Bxb5 f5 19. O-O Rb8 20. Rab1 $16) 17. Qxe4 Bb7 {[%cal Rb7h1]} (
17... Qxc3+ {[%cal Rc3a1,Rc3e1]} 18. Ke2 Qb2+ (18... Qxa1 19. Qxa8 $16) 19. Bd2
$16) 18. Qb4 $40 {[%csl Re8][%cal Rb4e7]} f6 {Weiss hat eine Figur mehr, aber
es hängen Bg5 und Rh1.} 19. b6 Qc6 20. O-O-O $1 {Weiss opfert den Turm auf h1
und strebt sofortigen Angriff an.} (20. Rg1 fxg5 21. Bg2 e4 $14) (20. Bxf6 $5 {
Ftacnik} Qxf6 (20... gxf6 21. Rg1 Rc8 22. c4 $18) 21. Rg1 Rf8 22. Ra2 $16)
20... Qxh1 (20... fxg5 21. Bc4 $16 {[%csl Re8][%cal Rh1e1,Re1e8,Gb4f8,Gc4f7]} (
21. Bh3 d5 22. Rhe1 e4 $13)) 21. Bh3 Qe4 $5 (21... Qc6 22. Bxd7+ Qxd7 23. Rxd7
Kxd7 24. Qc4 $16 {[%csl Rd7][%cal Rc4c7,Rc7d7,Rc7b7,Rc4f7,Rf7d7]}) (21... Qxh2
22. Rxd7 $18) 22. Qd6 (22. Rxd7 $2 Qxb4 23. axb4 Rb8 {[%cal Rb7c8,Rc8h3]}) (22.
Bxd7+ Kf7 23. Qb3+ Kg6 24. Be3 Rhd8) 22... Kf7 {[%csl Gd1,Gd6,Rf7,Gg5,Gh3] '!'
Ftacnik. Ftacnik: 'Polgar defends like a lion, the king is ready to find more
peaceful play in front of his pawns. Black queen on e4 holds the position.'} (
22... fxg5 23. Bxd7+ Kf7 24. Be6+ Kg6 (24... Ke8 25. Qd7+ $18) 25. Bf5+ $1 Kxf5
26. Qd7+ Kg6 27. Rd6+ Kh5 28. Qh3+ $18) 23. Qxd7+ Kg6 (23... Kf8 24. Be6 Qg6
25. Be3 Rc8 26. Bc5+ Rxc5 27. Qd6+ Ke8 28. Qd8#) 24. Be6 {[%csl Rg6][%cal
Rd7f7,Rf7g6]} Rhf8 (24... fxg5 25. Bf7+ Kh6 26. Qh3+) (24... Kxg5 25. Qxg7+ Qg6
26. h4+ $18) (24... Rhg8 $2 25. Be3 h6 (25... h5 26. Qf7+ Kh7 27. Qxh5#) 26. g4
$18 {[%cal Re6f5,Rf5e4,Rf5g6]}) 25. Be3 (25. g4 fxg5 (25... Kxg5 26. Qxg7+ Qg6
27. h4+ $18 {[%cal Rg7b7]}) 26. Bf5+ Rxf5 27. gxf5+ Kh6 (27... Qxf5 28. Rd6+
$18) 28. Rd6+ g6 $17) 25... Rad8 $2 (25... Bc6 $5 26. Bd5 (26. Qd3 {Ftacnik}
Qxd3 27. Rxd3 $11) (26. Qe7 Rae8 27. Qd6 Rd8 $17) (26. Qc7 Qa4 27. Bc5 Be4 28.
Rd2 Qb5 29. Rd7 Qb1+ 30. Kd2 Qc2+ 31. Ke3 Rfc8 $17) 26... Bxd5 27. Qxd5 Qxd5
28. Rxd5 $14 {[%csl Gb6,Ge3] Weiss hat einen gefährlichen Bauern (auf b6) für
die Qualität.}) (25... Rac8 $5 26. Kb2 $40 {[%cal Re6b3,Rb3c2,Rc2g6]} (26. c4
Rxc4+ 27. Bxc4 Qxc4+ 28. Kb2 Rc8 29. Rc1 Qe2+ 30. Ka1 Rxc1+ 31. Bxc1 Qc4 32.
Qe8+ Kf5 33. Qh5+ (33. Qd7+ Kg6) 33... Ke6 34. Qe8+ $11) 26... Rxc3 $1 (26...
Bc6 27. Bf7+ Rxf7 28. Qxc8 $16) 27. Kxc3 Rc8+ 28. Kb2 Qc2+ 29. Ka1 Qc3+ $11) (
25... Bc8 {Ftacnik} 26. Bd5 Qc2+ 27. Kxc2 Bxd7 28. Bxa8 Ba4+ 29. Kc1 Bxd1 30.
Bd5 Be2 31. b7 $18) {[#]} 26. g4 $3 $16 {'!' Ftacnik. Ftacnik: 'Fascinating
move that was easy to be missed. White manages to square black king despite
the threat to his queen.' Dieser schöne Zug war von Schwarz üebersehen worden.}
Rxd7 (26... Qxe3+ {Ftacnik} 27. fxe3 Rxd7 28. Rxd7 Bc8 29. Bf5+ Kh6 30. Rf7 $1
Rd8 (30... Rxf7 31. Bxc8 Kg5 32. b7 Rxb7 33. Bxb7 $18) 31. Bxc8 Rxc8 32. b7 Rb8
33. c4 $18) 27. Bf5+ Qxf5 (27... Kf7 28. Rxd7+ Ke8 29. Bxe4 $18) 28. gxf5+ Kxf5
29. Rxd7 {Die Stellung ist materiell gleich, aber b7 und g7 hängen, so
verliert Schwarz einen Bauern und der b6P ist stark.} Be4 30. Rxg7 Ke6 31. Kb2
$1 {[%csl Gb2][%cal Gb2b3,Gb3b4,Gb4a5] Sehr effektiv gespielt - der König
strebt nach a5.} Rd8 32. Kb3 f5 33. Kb4 f4 {Schwarz aktiviert seinen f-Bauern.}
34. Bc5 Rd7 35. Rg8 {Weiss muss - natürlich - die Türme auf dem Brett halten.}
(35. Rxd7 $2 Kxd7 $11) 35... Bb7 36. Re8+ Kf5 (36... Kd5 37. c4+ Ke4 38. Ka5
$18) 37. c4 {Ftacnik: 'All white queenside pawns belong closer to the
promoting squares.' Der weise Plan ist klar - die Bauern auf dem Damenfluegel
werden vorgetrieben und es droht dann Rxb7 mit Gewinn.} e4 38. Ka5 h5 39. Rb8 {
[%cal Rb8b7]} e3 {Schwarz opfert einen Bauern, bekommt aber einen Freibauern
auf der f-Linie.} 40. fxe3 f3 (40... fxe3 41. Bxe3 $18 {[%csl Ga5,Gb6,Gb8,Gc4]}
) 41. e4+ {Dieser Zug ist auch gut, aber die Alternative wäre schneller. Weiss
muss die Diagonale a7-g1 öffnen, sonst wäre die Drohung f3-f2 immer gefährlich.
} (41. Rxb7 $5 Rxb7 42. e4+ Kxe4 43. Kxa6 $18) 41... Bxe4 (41... Kxe4) 42. Kxa6
Kg4 43. a4 {[%csl Ga4,Ga6,Gb6,Gb8,Gc4,Gc5] Weiss hat drei (!) Freibauern am
Damenflügel.} Rf7 44. a5 Kh3 (44... f2 45. Bxf2 Rxf2 46. Rg8+ Kh3 47. b7 $18)
45. b7 Kxh2 46. Kb6 Rf6+ 47. Ka7 Rf7 48. a6 $18 {Mit zwei verbundenen Bauern
steht Weiss auf Gewinn.} Bd3 49. Rc8 Kh3 (49... Bxc4 50. Bd6+ $18 {[%cal Rd6h2,
Rc8c4]}) 50. Kb6 Rf6+ 51. Rc6 1-0

[Event "Hoogovens"]
[Site "Wijk aan Zee"]
[Date "1996.01.26"]
[Round "11"]
[White "Anand, Viswanathan"]
[Black "Leko, Peter"]
[Result "1-0"]
[WhiteElo "2725"]
[BlackElo "2625"]
[Annotator "Ribli,Z"]
[PlyCount "107"]
[EventDate "1996.01.13"]
[EventType "tourn"]
[EventRounds "13"]
[EventCountry "NED"]
[EventCategory "17"]
[SourceTitle "CBM 051"]
[Source "ChessBase"]
[SourceDate "1996.04.01"]
[SourceVersion "1"]
[SourceVersionDate "1996.04.01"]
[SourceQuality "1"]

{Anand spielt normalerweise 1.e4, aber jetzt hat er gegen den ungarischen
Wunderknabe speziell vorbereitet.} 1. Nf3 $5 Nf6 2. c4 c5 3. Nc3 Nc6 4. d4 cxd4
5. Nxd4 e6 6. g3 Qb6 7. Ndb5 Ne5 8. Bf4 $5 {Anand kannte diese interessante
Neuerung von Kortschnoj bereits, aber sein Gegner hatte in diesem Moment von
der Partie Korschnoj-Greenfeld (03)/Beersheba m/ Partie noch nichts gehoert.}
Nfg4 9. e3 a6 $1 $146 {Natuerlich spielt Leko nicht 9...Qc6? wie Greenfeld.}
10. Nc7+ Qxc7 11. Qxg4 d6 (11... Qc6 12. Bxe5 Qxh1 13. Ne4 $44) (11... b5 12.
Bg2 (12. cxb5 $2 Qxc3+ $1 13. bxc3 Nxg4 $19) 12... Qxc4 13. Qe2 Qxe2+ 14. Kxe2
Nc6 15. a4 $1 b4 16. Nb5 $1 {[#]} axb5 17. axb5 Rxa1 18. Rxa1 $44) 12. Qe2 Bd7
(12... Qc6 13. e4) (12... Ng6 $5) 13. Bxe5 dxe5 14. Bg2 Be7 (14... Bc6 $5) 15.
O-O O-O 16. Rac1 Rac8 17. Rfd1 Rfd8 18. c5 $5 {Mit diesem zweischneidigen Zug
will Weiss die Initiative uebernehmen.} f5 {Die Annahme des Bauernopfers
fuehrt zum klaren Vorteil fuer Weiss.} (18... Bxc5 $2 19. Ne4 Qa5 (19... Bb5
20. Qe1 Rxd1 21. Qxd1 Qb6 22. Qc2 $18) 20. Nxc5 Rxc5 21. Rxc5 Qxc5 22. Bxb7 $16
) (18... Qxc5 19. Bxb7 $16 {/\ Qxa6}) 19. e4 Bg5 (19... Bxc5 $5 20. exf5 exf5
21. Qc4+ Kh8 22. Qf7 Bd4 23. Ne2 Bc6 24. Qxc7 (24. Qxf5 $2 Rf8 {>< f2}) 24...
Rxc7 25. Nxd4 exd4 26. Bxc6 Rxc6 27. Rxc6 bxc6 28. Kf1 $15) 20. Rb1 g6 21. b4
$1 Bc6 22. Qc4 Qf7 23. a4 $1 {Weiss steht mit dem Bauernpulk am Damenfluegel
schon klar besser.} Bf6 24. b5 $1 axb5 25. axb5 Be8 26. Rxd8 Rxd8 27. c6 $1 {
Die weissen Bauern maschieren unaufhaltsam voran.} Rc8 28. Na4 bxc6 29. b6 $1
Rb8 30. Nc5 Be7 31. Qc3 Bd6 32. exf5 gxf5 33. Na6 Ra8 (33... Rb7 34. Bxc6 Bxc6
35. Qxc6 $18) 34. Qd3 Qe7 35. b7 Rd8 36. Qc2 $1 {Schwarz kann den
Materialverlust nicht mehr verhindern.} e4 37. b8=Q Bxb8 38. Nxb8 Qd6 39. Na6
Qd4 40. Qc1 Qd2 41. Nc7 Qxc1+ 42. Rxc1 Bd7 43. Rd1 $1 {Der Rest der Partie
bedarf keines Kommentars.} Kf7 44. Na6 $1 Ke7 45. Nc5 Bc8 46. Rxd8 Kxd8 47. Kf1
Ke7 48. Ke1 Kd6 49. Na4 c5 50. Bf1 Bb7 51. Kd2 Bd5 52. Nb6 h6 53. Ke3 Kc6 54.
Na4 {Ribli} 1-0

[Event "Donner Memorial"]
[Site "Amsterdam"]
[Date "1996.08.22"]
[Round "5"]
[White "Adianto, Utut"]
[Black "De Firmian, Nick E"]
[Result "1/2-1/2"]
[WhiteElo "2605"]
[BlackElo "2575"]
[Annotator "Ribli,Z"]
[PlyCount "38"]
[EventDate "1996.08.17"]
[EventType "tourn"]
[EventRounds "11"]
[EventCountry "NED"]
[EventCategory "16"]
[SourceTitle "CBM 055"]
[Source "ChessBase"]
[SourceDate "1996.12.01"]
[SourceVersion "1"]
[SourceVersionDate "1996.12.01"]
[SourceQuality "1"]

1. d4 Nf6 2. c4 e6 3. Nf3 c5 4. Nc3 {Heutzutage ist dies die Hauptvariante
gegen die Benoni-Verteidigung . Das System mit Bd3 und h3 gibt nicht viel her.
Ein weiterer Grund, Benoni zu vermeiden, ist: De Firmian spielt sehr
gefaehrlich in scharfen Stellungen. Die Partiefortsetzung bietet meiner
Meinung nach keinen grossen Vorteil fuer Weiss, aber fuehrt zu ruhigen
Stellungen mit leichter weisser Initiative.} cxd4 5. Nxd4 Nc6 6. Ndb5 (6. Bf4
d5 7. cxd5 $14 (7. Ndb5 {Fuehrt zur Zugumstellung.}) (7. e3 Bb4 8. Nxc6 bxc6 9.
Qa4 Qb6 10. a3 $2 (10. Bd3 O-O 11. O-O Be7 12. Qc2 h6 13. e4 $14 {Merey -
Schandorff,Berlin 1984.}) 10... Bxc3+ 11. bxc3 Qb2 $1 12. Rd1 Ne4 13. Bg3 Qxc3+
14. Ke2 O-O 15. f3 Qb2+ 16. Ke1 Nc3 $19 {Murey-Palac,Albena 1996.})) (6. Bg5
Bc5 $146 7. e3 (7. Nb3 $2 Bxf2+ 8. Kxf2 Ng4+ $19) 7... O-O 8. Be2 h6 9. Bh4 d5
10. cxd5 exd5 11. Nb3 Be7 (11... Bb4 $5) 12. O-O $14 {Horvath,J-Palkovi,Paks
1996.}) 6... d5 7. Bf4 e5 8. cxd5 exf4 9. dxc6 bxc6 10. Qxd8+ Kxd8 11. Nd4 Bb7
$5 {Das ist eine interessante Entdeckung von De Firmian. Die fruehere Theorie
schaetzte diesen Zug,als unguenstig fuer Schwarz ein.} 12. Rd1 {Zwei Runden
frueher in der Partie Salov - De Firmian/Amsterdam Donner/1996/CBM55/ kam es
zu 12.g3 c5 13.Nf3 Bd6 14.Bg2 Rb8 mit gleichen Chancen.} Kc7 13. g3 Rd8 $1 14.
Bg2 (14. gxf4 $2 Rxd4 15. Rxd4 c5 $19) 14... Rxd4 {Mit einfachen Mittelen
erreicht Schwarz Ausgleich.} 15. Rxd4 c5 16. Rd5 Nxd5 17. Bxd5 fxg3 18. hxg3
Bxd5 19. Nxd5+ Kc6 $10 {In dieser Stellung war Remis geboten..Die Partie kann
z.B. fortgesetzt werden mit 20.Ne3 g6 21.Nc4 Bg7 22.Kd2 h5.} 1/2-1/2

[Event "RUS-ch 53rd"]
[Site "Samara"]
[Date "2000.06.26"]
[Round "10"]
[White "Makarov, Marat"]
[Black "Shcherbakov, Ruslan"]
[Result "0-1"]
[WhiteElo "2513"]
[BlackElo "2552"]
[Annotator "Ribli,Z"]
[PlyCount "72"]
[EventDate "2000.06.03"]
[EventType "swiss"]
[EventRounds "11"]
[EventCountry "RUS"]
[SourceTitle "CBM 078"]
[Source "ChessBase"]
[SourceDate "2000.10.18"]
[SourceVersion "1"]
[SourceVersionDate "2000.10.18"]
[SourceQuality "1"]

1. Nf3 c5 2. c4 Nf6 3. Nc3 Nc6 4. d4 cxd4 5. Nxd4 e6 6. Nxc6 $6 {Es gibt so
viele gute Züge in dieser wohlbekannten Stellung. Es ist bemerkenswert, dass
Weiß eine so genügsame Fortsetzung wählt. Viel unangenehmer für Schwarz sind
die Alternativen 6.g3, 6.Ndb5, 6.Bg5 oder 6.a3. Der Springertausch verschafft
Weiß keinen Vorteil - er stärkt vielmehr das schwarze Bauernzentrum.} bxc6 (
6... dxc6 7. Qxd8+ Kxd8 8. Bf4 $1 $14) 7. g3 h5 $5 {Schwarz spielt auf
sofortigen Angriff am Königsflügel.} (7... Be7 8. Bg2 O-O 9. O-O Qb6 10. Qc2 d5
11. b3 Rd8 12. Na4 Qa6 13. Bb2 Bb7 14. Rfd1 Rac8 15. c5 Qa5 16. Bc3 Qc7 17. Qb2
Ba6 18. Be5 Qb7 19. e3 {1/2-1/2 Demina,J-Galianina Ryjanova,J/Elista 2000/CBM
76 ext (19)}) (7... Ba6 $6 8. Qa4 Qb6 9. Bg2 Bc5 10. O-O O-O 11. Bg5 $1 Bb7 12.
Bxf6 gxf6 13. Ne4 Kg7 (13... Be7 14. c5 $1 $16) 14. Rac1 a5 15. g4 $1 h5 $5 16.
gxh5 Be7 17. c5 Qb4 18. Qd1 Bc8 19. Rc3 $16 {1-0 Cvetkovic,S-Rajkovic,D/
Jugoslavija 1992/Inf 55/[Cvetkovic,S] (45)}) (7... d5 8. Bg2 Be7 9. O-O O-O 10.
cxd5 cxd5 11. b3 Ba6 12. a3 Rc8 13. Bb2 Qb6 $11 {0-1 Pettersson,R-Gaard,K/
Oerebro 1992/EXT 97 (49)}) 8. Bg2 (8. h4 $5) 8... h4 $13 9. e4 $6 {Mit diesem
Zug sollte man lieber warten. Der Textzug schwächt die weiße Bauernstellung.} (
9. O-O) (9. Bg5 Rb8 $13) 9... e5 {[%csl Yd4][%cal Gf8c5,Gc5g1] Schwarz hat
durch 5...e6 und 9...e5 ein Tempo verloren. Aber jetzt droht 10...Bc5, wonach
sein Läufer sehr stark würde.} (9... d6 10. e5 dxe5 11. Bxc6+ Bd7 12. Bxa8 Qxa8
$44) 10. Be3 Bb4 11. O-O (11. Qb3 $6 Qe7 12. a3 Bc5 $15) 11... Qe7 (11... Bxc3
12. bxc3 d6 13. c5 $13) 12. Rc1 (12. Na4) 12... hxg3 13. hxg3 (13. fxg3 Bc5 $15
) 13... Qe6 $1 $15 {[%cal Gf6g4] Weiß hat zwar Entwicklungsvorsprung, doch
Schwarz droht schon gefährlich am Königsflügel.} 14. f3 {Dieser Zug ist
logisch - er richtet sich gegen 14...Ng4, aber er schwächt auch das Feld g3
und damit die ganze Känigsstellung.} (14. a3 Be7 $15) 14... Nh5 15. Ne2 (15.
Bf2 $2 Qh6 $40 {[%csl Rg1][%cal Rh8h2]}) 15... Ba6 {[%cal Ga6f1]} 16. b3 (16.
Qa4 Bxc4 17. Qxb4 (17. Rf2 Bxe2 18. Rxe2 Nxg3 19. Rec2 a5 $19) 17... Bxe2 18.
Rfe1 Bb5 $17) 16... Rd8 {[%cal Gd7d5]} 17. a3 (17. Bxa7 d5 $44 {Alle schwarzen
Figuren stehen aktiv - Schwarz hat spürbar mehr als ausreichende Kompensation
für den Bauern.}) 17... Be7 (17... Bxa3 18. Ra1 Qe7 19. Qd2 $132 {[%cal Gd2a5]}
) 18. f4 $2 {[%mdl 16384] Mit diesem Zug schwächt Weiß aus freien Stücken
seine Königsstellung.} (18. Qd2 $15) 18... Qh6 {[%csl Rg1,Gh6,Gh8][%cal Gh6e3,
Rh8h2]} 19. Rf3 (19. b4 exf4 (19... Nf6 $17) 20. gxf4 Nf6 $17 {[%cal Rf6g4,
Rh6h2,Rh2g1]}) 19... Nf6 {Der schwarze Springer strebt nach g4. In Verbindung
mit der offenen h-Linie verspricht das ausgezeichnete Angriffschancen.} (19...
d5 $5 $15 20. fxe5 $2 dxe4 $19) 20. fxe5 Qh2+ 21. Kf1 Ng4 {[%csl Gg4]} (21...
Nxe4 $6 22. b4 $13) 22. Bg1 (22. Bxa7 Nxe5 $44) 22... Qh6 23. Nd4 {[%cal Gd4f5]
} (23. Qd4 $5) 23... g6 {Damit ist alles in der schwarzen Stellung verteidigt
- Weiß kann nichts gegen 24...Nxe5 ausrichten, und danach bekommt Schwarz
positionellen Vorteil.} 24. Rf4 Nxe5 {[%csl Ge5] Der Ne5 dominiert das Brett.
Schwarz hat eine solide Stellung mit guten Angriffschancen am Königsflügel.}
25. Qd2 {Dieser Zug ist eigentlich ein Qualitätsopfer, aber Weiß hat nichts
besseres.} (25. Rb1 Bg5 26. Rf2 Be3 $17) 25... Bg5 {[%cal Rg5c1]} 26. Ne2 d6 (
26... Bxf4 $6 {Schwarz muss natürlich nicht mit diesem Zug eilen.} 27. gxf4 Ng4
28. Qa5 Bc8 29. Bxa7 $44) 27. Qa5 Bc8 {[%cal Gc8g4,Gg4e2]} 28. Be3 {[%cal
Rf4h4,Rh4h8]} (28. Bxa7 Bh3 $1 $19) 28... Qh5 $17 {[%cal Gh5a5] Auf diese
Weise unterbindet Schwarz das Motiv Rh4 und droht gleichzeitig 29...Bh3 bzw.
29...Bxf4.} (28... Bh3 $2 29. Rh4 {[%cal Ge3h6]} Bxe3 30. Rxh6 Rxh6 $14) 29.
Qxa7 Bh3 $1 {[%mdl 128] Schwarz tauscht die beste weiße Verteidigungsfigur ab.
Ich sehe keine Verteidigungsmöglichkeit für Weiß mehr. Es droht u.a. 30...
Bxg2+ nebst 31...Qxe2.} 30. Ng1 Bxg2+ 31. Kxg2 Bxf4 (31... Qh2+ 32. Kf1 Qxg3
$19) 32. Bxf4 Qh1+ $19 33. Kf1 Rh2 {[%cal Rh1g2,Rg2f1] Droht das tödliche
Schach auf g2 - Weiß ist hilfslos.} 34. Qd4 Qg2+ 35. Ke1 Nf3+ 36. Nxf3 Qe2# 0-1